[Event "GRE-chT"]
[Site "Athens"]
[Date "1996.??.??"]
[Round "1"]
[White "Tsarouhas, Vasilios"]
[Black "Vandoros, Dimitrios"]
[Result "1-0"]
[WhiteElo "2210"]
[BlackElo "2255"]
[PlyCount "91"]
[EventDate "1996.??.??"]
[EventType "team"]
[EventRounds "9"]
[EventCountry "GRE"]
[SourceTitle "CBM 055 Extra"]
[Source "ChessBase"]
[SourceDate "1997.01.01"]
[SourceVersion "1"]
[SourceVersionDate "1997.01.01"]
[SourceQuality "1"]

1. e4 e6 2. d4 d5 3. Nc3 Bb4 4. e5 c5 5. a3 Bxc3+ 6. bxc3 Ne7 7. Nf3 Qa5 8. Bd2 Nbc6 9. h4 Bd7 10. h5 h6 11. Rb1 Qc7 12. Rh4 0-0-0 13. dxc5 Nxe5 14. Rhb4 Bc6 15. Nd4 Nd7 16. Bf4 e5 17. Nxc6 Qxc6 18. Rxb7 exf4 19. Rxa7 Qe6+ 20. Qe2 Nxc5 21. Rxe7 Qxe7 22. Qxe7 Rhe8 23. Qxe8 Rxe8+ 24. Be2 Kc7 25. Rb4 Ne4 26. Bd3 Nf6+ 27. Kd2 Nxh5 28. a4 Ra8 29. Be2 Nf6 30. Rxf4 Kd6 31. Bf3 Ra7 32. Rb4 g5 33. Ke3 h5 34. Kd4 g4 35. Be2 Ne4 36. c4 Nxf2 37. c5+ Kc7 38. Kxd5 h4 39. Bxg4 Ra8 40. Bf3 Rd8+ 41. Kc4 h3 42. gxh3 Nxh3 43. Rb7+ Kc8 44. c6 f5 45. Bd5 Ng5 46. Rg7 1-0